• 首页
  • 本馆介绍
  • 公告通知
  • 最新文献
  • 馆藏检索
  • 电子资源
  • 读者导购
  • 参考咨询
  • 我的图书馆
  • 登录
  • 详细信息显示
  • 放入我的书架
  • 预约/预借图书
  • 作者相关作品
  • 分类相关作品
  • 丛书相关作品
  • 出版社相关作品

书目信息

  • 表格格式
  • 工作单格式
  • 卡片格式
书名: China's countryside
作者:
分册号:
分册名:
出版地: Peking :
 
出版社: Foreign Languages Press
出版时间: 1976.
页数: iv, 110 p. :
开本: 19 cm.
丛书名:
中图分类号:
科图分类号:
其他分类号: H319.4
主题词:
电子资源:
000 00625nam 2200229 i 4504
001 E0733295281
005 20070227091950.93
008 030505s1976 cc a 00000 eng
010    @a77357712
020    @cCNY0.60.
040    @aDLC@cDLC@dMIA
043    @aa-cc---
090    @aK284/W22E
090    @aH319.4
099    @dH319.4@ex481
245 00 @aChina's countryside :@ba vast school for her youth.
250    @a1st ed.
260 0  @aPeking :@bForeign Languages Press,@c1976.
300    @aiv, 110 p. :@bill. ;@c19 cm.
650  0 @aYouth@zChina.
651  0 @aChina@xIntellectual life.
920    @a232010@z2
    
    China's countryside : : a vast school for her youth.-1st ed.-Peking : : Foreign Languages Press, , 1976.
    iv, 110 p. : : ill. ; ; 19 cm.
    
    
    ISBN CNY0.60.
    
●
相关链接 在E读中查询图书 在五车中查询图书 在当当中查询图书 在豆瓣中查询图书


正题名:China's countryside     索取号:H319.4/x481         预约/预借

序号 登录号 条形码 馆藏地/架位号 状态 备注
1 1588   000446155   第四借阅区/ [索取号:H319.4/x481] 在馆    
2 1589   000446119   第四借阅区/ [索取号:H319.4/x481] 在馆    
唐山师范学院图书馆 欢迎您!
大连网信软件有限公司© 版权所有